Elecciones y democracia en América Latina 1992-96 : (Record no. 57468)

MARC details
000 -LEADER
campo de control de longitud fija 00591cam a2200181 4500
001 - NÚMERO DE CONTROL
campo de control 8622
005 - FECHA Y HORA DE LA ÚLTIMA TRANSACCIÓN
campo de control 20230410121056.0
008 - DATOS DE LONGITUD FIJA--INFORMACIÓN GENERAL
campo de control de longitud fija 060907n1998 dr spa
020 ## - NÚMERO INTERNACIONAL ESTÁNDAR DEL LIBRO
Número Internacional Estándar del Libro 9968778184
035 ## - NÚMERO DE CONTROL DEL SISTEMA
-- funglode8693
041 ## - CÓDIGO DE IDIOMA
Código de lengua del texto/banda sonora o título independiente ES
050 14 - SIGNATURA TOPOGRÁFICA DE LA BIBLIOTECA DEL CONGRESO
Número de clasificación JL 968 E37 1998
245 0# - MENCIÓN DEL TÍTULO
Título Elecciones y democracia en América Latina 1992-96 :
Resto del título urnas y desencanto político /
Mención de responsabilidad, etc. Juan Rial, Daniel Zovatto G., editores
260 ## - PUBLICACIÓN, DISTRIBUCIÓN, ETC.
Lugar de publicación, distribución, etc. San José :
Nombre del editor, distribuidor, etc. Instituto Interamericano de Derechos Humanos (IIDH),
Fecha de publicación, distribución, etc. 1998
300 ## - DESCRIPCIÓN FÍSICA
Extensión xlix, 826 p.
700 ## - ENTRADA AGREGADA--NOMBRE PERSONAL
Nombre de persona Rial, Juan \ Zovatto G., Daniel
942 ## - ELEMENTOS DE ENTRADA SECUNDARIOS (KOHA)
Fuente del sistema de clasificación o colocación Clasificación de Library of Congress
Tipo de ítem Koha
Holdings
Estatus retirado Estado de pérdida Fuente del sistema de clasificación o colocación Estado de daño No para préstamo Colección Biblioteca de origen Biblioteca actual Ubicación en estantería Fecha de adquisición Serial enumeration / chronology Signatura topográfica completa Código de barras Visto por última vez Tipo de ítem Koha
    Clasificación de Library of Congress     Ciencias Sociales Biblioteca Juan Bosch Biblioteca Juan Bosch Ciencias Sociales (3er. Piso) 24/10/2018 1 JL 968 E37 1998 00000006327 24/10/2018